000 00793nam a22002297a 4500
999 _c17421
_d17421
003 AR-CdUCM
008 190508b ||||| |||| 00| 0 spa d
040 _aMUNICIPALIDAD PROVINCIAL DEL CUSCO
_cBIBLIOTECA MUNICIPAL DEL CUSCO
082 _a633.03 /
_bP96
110 _aSecretaría de Educación Pública
_917942
245 _aLa producción en el campo :
_bMonografías del frijol, el chile y el ganado bovino /
260 _aMéxico, D.F :
_bSecretaría de Educación Pública,
_c1946.
300 _a88 paginas ;
_c20 cm.
440 _aBiblioteca enciclopédica popular
_937422
505 _aContenido :Cultivos /
650 _aAgricultura
_9320
650 _aAjí
_937423
650 _aVacunos.
_923880
650 _aFrijol
_937424
942 _2ddc
_cLIBROS
945 _arjall
_d2019-05-08